| 000 | 00357 a2200157 4500 | ||
|---|---|---|---|
| 001 | 175457 | ||
| 020 | _a85-342-0614-7 | ||
| 040 | _cMagnum | ||
| 100 | _aSampaio, Francisco Azevedo de Arruda | ||
| 240 | 1 | 0 |
_aCaminhos da ciência 1 _lpor |
| 245 | 1 | 0 | _aCaminhos da ciência 1 |
| 300 | _a224 | ||
| 362 | 0 | _a2001 | |
| 697 | _aCIÊNCIAS PURAS | ||
| 942 | _cBK | ||
| 999 |
_c175457 _d175457 |
||